| Tag |
First Indicator |
Second Indicator |
Subfields |
| LEADER |
00000cam a2200000 4500 |
| 001 |
in00001136857 |
| 005 |
20150930084512.0 |
| 008 |
790614s1937 xx 000 0 eng |
| 010 |
|
|
|a 37023632
|
| 035 |
|
|
|a (OCoLC)05065889
|
| 035 |
|
|
|9 AFX7333AM
|
| 040 |
|
|
|a DLC
|c TXR
|d TXA
|d UtOrBLW
|
| 049 |
|
|
|a TXAM
|
| 050 |
|
0 |
|a G525
|b .A48
|
| 082 |
0 |
|
|a 910.4
|
| 090 |
|
|
|a G525
|b .A48 1937
|
| 100 |
1 |
|
|a Anthony, Irvin,
|d 1890-
|
| 245 |
1 |
0 |
|a Revolt at sea ;
|b a narration of many mutinies /
|c by Irvin Anthony.
|
| 264 |
|
1 |
|a New York :
|b G.P. Putnam's sons,
|c [1937]
|
| 264 |
|
4 |
|c [©1937]
|
| 300 |
|
|
|a x, 296 pages :
|b illustrations ;
|c 22 cm.
|
| 336 |
|
|
|a text
|b txt
|2 rdacontent
|
| 337 |
|
|
|a unmediated
|b n
|2 rdamedia
|
| 338 |
|
|
|a volume
|b nc
|2 rdacarrier
|
| 500 |
|
|
|a "A Minton Balch book."
|
| 504 |
|
|
|a Bibliography: pages 293-296.
|
| 650 |
|
0 |
|a Mutiny.
|
| 999 |
|
|
|a MARS
|
| 999 |
f |
f |
|s efe573af-eabc-34a9-b276-36858f50cf33
|i 49fef0cd-ebbb-328c-816d-2019b8b8a5ae
|t 0
|
| 952 |
f |
f |
|p ric
|a Texas A&M University
|b Rellis Campus
|c Joint Library Facility
|d Remote Storage
|t 0
|e G525 .A48 1937
|h Library of Congress classification
|i unmediated -- volume
|m A14817437702
|
| 998 |
f |
f |
|a G525 .A48 1937
|t 0
|l Remote Storage
|